Take responsibility for surveying safely (Record no. 68076)

MARC details
000 -LEADER
fixed length control field 00925cam a2200217 4500
001 - CONTROL NUMBER
control field ABS64380
008 - FIXED-LENGTH DATA ELEMENTS--GENERAL INFORMATION
fixed length control field 010823n2001 000 0 eng u
035 ## - SYSTEM CONTROL NUMBER
System control number (Sirsi) u114312
100 ## - MAIN ENTRY--PERSONAL NAME
Personal name Fidler, B
245 ## - TITLE STATEMENT
Title Take responsibility for surveying safely
260 ## - PUBLICATION, DISTRIBUTION, ETC.
Date of publication, distribution, etc. 2001
490 ## - SERIES STATEMENT
Series statement CSM (Chartered Surveyor Monthly)
Volume/sequential designation (7&8) July/August 2001, 25-27(3)
520 ## - SUMMARY, ETC.
Summary, etc. Warns surveyors to assess and reduce their risks when working in unpredictable environments. To assist in this, the Construction Faculty has developed a mind map which provides a useful mental checklist and prompt for deciding where a hazard exists and how best to reduce risk. http://www.ricsonline.org/member_networks/faculty/const/mindmap.pdf
590 ## - LOCAL NOTE (RLIN)
Local note ABS
650 ## - SUBJECT ADDED ENTRY--TOPICAL TERM
Topical term or geographic name entry element SURVEYING
650 ## - SUBJECT ADDED ENTRY--TOPICAL TERM
Topical term or geographic name entry element RISK ASSESSMENT
650 ## - SUBJECT ADDED ENTRY--TOPICAL TERM
Topical term or geographic name entry element HAZARDS
650 ## - SUBJECT ADDED ENTRY--TOPICAL TERM
Topical term or geographic name entry element HEALTH AND SAFETY AT WORK ETC ACT 1974
690 ## - LOCAL SUBJECT ADDED ENTRY--TOPICAL TERM (OCLC, RLIN)
Topical term or geographic name as entry element Health and safety
9 (RLIN) 6244
942 ## - ADDED ENTRY ELEMENTS (KOHA)
Suppress in OPAC 0
Holdings
Withdrawn status Lost status Source of classification or shelving scheme Damaged status Not for loan Home library Current library Shelving location Date acquired Total Checkouts Full call number Barcode Date last seen Copy number Price effective from Koha item type
    Dewey Decimal Classification     London London Journal article 23/08/2001   ABS64380 114312-1001 06/08/2019 1 06/08/2019 Journal article